000 00501nam a2200169 a 4500
001 000045711
005 20201002052412.0
008 150430s2008 dr a 000 0 spa d
020 _a9789945001525
040 _aDO-SdBNP
_bspa
_cBNPHU
082 _axxxx
_bxxxx
100 1 _aDamirón, Anya
_943024
245 1 0 _aNiño inventor /
_cAnya Damirón ; ilustrado Pablo Pino.
260 _aSanto Domingo :
_bLucia Stories,
_c2008.
300 _a[20 ] p. :
_bil. ;
_c21 cm.
700 1 2 _aPino, Pablo,
_eil.
_972370
999 _c45200
_d45200